Lexical patterns - other prepositions, phrasal verbs - Statistics

General Stats
  • This quiz has been taken 7 times
  • The average score is 30 of 102
Answer Stats
Hint Answer % Correct
walczyć przeciwko fight against
75%
spędzać czas z hang out with
75%
nie móc się czegoś doczekać look forward to
75%
wpaść na kogoś bump into
50%
nadrobić zaległości catch up
50%
pozostawać w tyle fall behind
50%
zmyślać make up
50%
mierzyć za pomocą measure by
50%
kupić | odbierać pick up
50%
otoczony przez surrounded by
50%
być do kogoś podobnym take after
50%
odrzucać, odmawiać turn down
50%
okazać się | wytwarzać, produkować turn out
50%
pozbierać się bounce back
25%
spowodować, doprowadzić do czegoś bring about
25%
poruszać temat bring sth up
25%
zgromadzić, zebrać razem bring together
25%
przeprowadzać (coś) carry out
25%
przyjąć się, zyskać popularność catch on
25%
dogonić kogoś, nadrobić stratę catch up with
25%
poderwać kogoś chat up sb
25%
sprawiać wrażenie, uchodzić za come across as
25%
sprowadzać się do come down to
25%
odziedziczyć, wejść w posiadanie come into
25%
wymyślić come up with
25%
ograniczać cut back on
25%
pochodzić z date back to
25%
odpaść z drop out of
25%
zakończyć czymś end up with
25%
mieć zaległości w fall behind with
25%
wpasować się w fit in with
25%
mieć opóźnienie w czymś get behind
25%
dostać się do | zacząć coś, zainteresować się get into
25%
w końcu coś zrobić get round to
25%
rozdawać (za darmo) give away
25%
emitować give out
25%
przestać coś robić give up
25%
rezygnować z czegoś give up on sth
25%
spadać go down
25%
wybrać, zdecydować się na go for
25%
zająć się czymś go in for
25%
zepsuć się go off
25%
przejrzeć go through
25%
rosnąć go up
25%
powstrzymywać hold back
25%
zatrzymywać kogoś hold sb up
25%
oceniać coś po judge sth by
25%
być na bieżąco z keep up with
25%
spełniać coś live up to
25%
zajmować się (kimś/czymś) look after
25%
zająć się czymś look into
25%
nadrabiać zaległości make up for
25%
wygłupiać się z mess about with
25%
niszczyć coś mess sth up
25%
przegapić coś miss out on
25%
nieporozumienie pomiędzy misunderstanding between
25%
obrażony czymś offended by
25%
przekazywać coś komuś pass sth on to
25%
tracić, przepuszczać coś pass sth up
25%
zwracać komuś pieniądze pay sb back
25%
podłączać do prądu plug in
25%
zauważyć, zwrócić uwagę na point out
25%
odłożyć, oderwać się od czegoś put down
25%
wysunąć, zaproponować put forward
25%
zniechęcać kogoś put sb off
25%
sporządzić, zebrać, utworzyć put together
25%
znosić, tolerować put up with
25%
zabraknąć czegoś, skończyć się run out of
25%
zdać śpiewająco sail through
25%
zszokowany przez schocked by
25%
przewijać w dół scroll down
25%
kosztować kogoś ileś set sb back
25%
zakładać, otwierać set up
25%
organizować, aranżować coś set up sth
25%
wyróżniać się spośród stand out from
25%
wystawić kogoś stand sb up
25%
krok w kierunku step towards
25%
trzymać się czegoś stick to
25%
uzupełniać zapasy czegoś stock up on
25%
wydawać się komuś jakieś strike sb as
25%
wyłączać switch off
25%
włączać switch on
25%
uzyskać, zaciągnąć take out
25%
brać udział w take part in
25%
polubić, przekonać się do kogoś take to
25%
zacząć, zainteresować się take up
25%
wyrzucać throw out
25%
przymierzać (ubranie) try on
25%
wypróbować coś try sth out
25%
zmieniać (coś) w (coś) | zmieniać się w turn into
25%
odwracać się turn round
25%
odprawiać kogoś turn sb away
25%
zwracać się do kogoś o turn to sb for
25%
pojawiać się turn up
25%
wpisywać type in
25%
rozgrzewać się warm up
25%
mijać, kończyć się wear off
25%
zrozumieć, pojąć coś work out
25%
No matching quizzes found
Score Distribution
Percent of People with Each Score
Percentile by Number Answered
Your Score History
You have not taken this quiz